LEADER 01416nam a2200361 a 4500 001 000000159630 003 CaOOAMICUS 005 20170323105443.0 008 170323s2017 gw u000 u ger r 020 $a978-3-7917-2070-8* 032 $aLibriCat 040 $aPUL$bita 041 1 $aita$hger 082 04$a236 100 0 $aBenedictus PP.$bXVI,$d1927-2022.$0(OLS)http://pul/name/14991 245 10$aEschatologie :$bTod und ewiges Leben /$cJoseph Ratzinger Benedikt XVI. 250 $a3. Aufl. 260 $aRegebsburg :$bF. Pustet,$c2017. 300 $a231 p. ;$c22 cm. 504 $aInclude indici e bibliografia. 650 4$aEscatologia cristiana.$0(OLS)http://pul/subject/9754 850 $aPUL 852 $aPUL$W1$xSL Religione 3$y85$m236 BENED16 2$j183098$qDDC 21$B186304$CPULBib$Z2$F186304 $H129172 $81 900 $aRatzinger, Joseph,$ccard.,$d1927-2022$914991 900 $aBenedetto XVI,$cpapa,$d1927-$914991 910 $aPapi (2005-2013 : Benedictus PP. XVI)$914991 910 $aPapi (2005-2013 : Benedictus PP. XVI)$914991 941 1 $a9 996 $6020$a978-3-7917-2070-8*$9(OLS)http://pul/number/162263 996 $6082$a236$9(OLS)http://pul/classification/229 996 $6245$aEschatologie :$bTod und ewiges Leben$9(OLS)http://pul/title/199259 996 $6260$aRegebsburg :$bF. Pustet$9(OLS)http://pul/publisher/86167 LEADER 01216nam a2200253 a 4500 001 000000165559 003 CaOOAMICUS 005 20180130143320.0 008 180130s1936 xxuf 000 u eng r 032 $aLibriCat 040 $aPUL$bita 100 1 $aCooper, John M.$q(John Madison),$d1939-$0(OLS)http://pul/name/34461 245 10$aNotes on the Ethnology of the Otchipwe of Lake of the Woods and Rainy Lake / $cJohn M. Cooper. 260 $aWashington, D.C. :$bThe Catholic University of America,$c1936. 300 $a29 p. :$btav. ;$c24 cm. 502 $aEstratto da Tesi : The Catholic University of America. Antropological series. 1936. 504 $aBibliografia in nota a pič pagina. 650 4$aEtnologia.$0(OLS)http://pul/subject/4615 710 2 $aCatholic University of America.$kTesi.$0(OLS)http://pul/name/106692 850 $aPUL 852 $aPUL$W1$xDP1 Tesi Univ. Washington$y50$mTH WAS 1$j189860$qTesi$B192893$CPULBib$Z2$F192893 $81 996 $6245$aNotes on the Ethnology of the Otchipwe of Lake of the Woods and Rainy Lake / $9(OLS)http://pul/title/205241 996 $6260$aWashington, D.C. :$bThe Catholic University of America$9(OLS)http://pul/publisher/62694